Number Master - Statistics

General Stats
  • This quiz has been taken 20 times
  • The average score is 24 of 25
Answer Stats
Number Type Here % Correct
0 0
100%
1 1
100%
1 1
100%
2 2
100%
3 3
100%
3 3
100%
4 4
100%
5 5
100%
7 7
100%
7 7
100%
8 8
100%
8 8
100%
0 0
94%
0 0
94%
1 1
94%
4 4
94%
6 6
94%
7 7
94%
9 9
94%
0 0
88%
1 1
88%
3 3
88%
4 4
88%
7 7
88%
2 2
76%
No matching quizzes found
Score Distribution
Percent of People with Each Score
Percentile by Number Answered
Your Score History
You have not taken this quiz